000 01011nam a22002537a 4500
005 20100818140038.0
008 090109t xxu||||| |||| 00| 0urd d
010 _a UR-7766
020 _c200.00
_a9788172210410
020 _c200.00
_a8172210418
035 _aU-6321
040 _adpl
_burd
082 _a303.6250954
100 _912785
_aایس-ایم-مشرف
245 _aکرکرےکاقاتل کون؟ /
_cایس-ایم-مشرف
246 _aKarkare Ka Qatil Kaun /
_bby S.M. Mushrif
260 _aنئ دہلی
_c2010
_bفاروس میڈیااینڈپبیشنگ
270 _bNew Delhi
_aD-84 Abul Fazl Enclave-I, Jamia Nagar,
_k26947483, 26952825
_e110025
_mbooks@pharosmedia.com
300 _a352 ص
_c22 س م (Pbk)
650 _2critisim
_912786
700 _913088
942 _2ddc
_cUR
_h303.6250954
_mک ر ک
999 _c42409
_d42409